Les 100 plus grandes villes d'Amérique - Statistiques

Statistiques générales
  • Ce quiz a été pris 887 fois
  • Le résultat moyen est 55 sur 100
Statistiques - réponses
Population Continent Pays Réponse % Correct
22 589 036 Amerique du Nord USA New York
100%
21 634 279 Amerique du Nord Mexique México
98%
12 699 743 Amerique du Sud Brésil Rio de Janeiro
98%
15 095 458 Amerique du Sud Argentine Buenos Aires
96%
18 711 436 Amerique du Nord USA Los Angeles
96%
12 104 036 Amerique du Sud Perou Lima
93%
36 315 721 Amerique du Sud Brésil Sao Paulo
93%
10 985 285 Amerique du Sud Colombie Bogotá
92%
9 665 887 Amerique du Nord USA San Francisco - San José
92%
9 814 928 Amerique du Nord USA Washington - Baltimore
92%
9 825 325 Amerique du Nord USA Chicago
91%
6 889 936 Amerique du Nord USA Miami
90%
4 364 189 Amerique du Nord Canada Montréal
88%
8 310 984 Amerique du Sud Chili Santiago
88%
6 555 205 Amerique du Nord Canada Toronto
88%
4 560 505 Amerique du Sud Brésil Brasília
87%
8 287 710 Amerique du Nord USA Boston
85%
8 057 796 Amerique du Nord USA Dallas - Fort Worth
83%
4 903 675 Amerique du Nord USA Seattle
79%
4 938 596 Amerique du Sud Venezuela Caracas
78%
7 253 193 Amerique du Nord USA Houston
78%
5 319 631 Amerique du Nord USA/Mexique San Diego - Tijuana
78%
7 209 620 Amerique du Nord USA Philadelphie
77%
6 853 392 Amerique du Nord USA Atlanta
76%
1 966 110 Amerique du Sud Bolivie La Paz
76%
5 484 569 Amerique Centrale Guatemala Guatemala
75%
2 671 191 Amerique du Sud Equateur Quito
75%
3 617 927 Amerique du Nord USA Denver
74%
5 696 911 Amerique du Nord USA Détroit - Windsor
74%
2 313 238 Amerique du Nord USA Las Vegas
74%
1 986 447 Amerique Centrale Panama Panama
74%
2 737 698 Amerique du Nord Canada Vancouver
74%
2 130 081 Caraïbes Cuba La Havane
73%
2 078 343 Amerique du Sud Uruguay Montevideo
72%
2 907 648 Amerique du Nord USA Saint-Louis
71%
2 579 036 Amerique Centrale Costa Rica San José
70%
5 002 221 Amerique du Nord USA Phoenix
69%
3 744 077 Caraïbes Haïti Port-au-Prince
68%
3 909 729 Amerique du Sud Colombie Medellín
67%
2 644 920 Amerique du Sud Paraguay Asunción
65%
5 265 099 Amerique du Nord Mexique Guadalajara
65%
2 571 266 Amerique du Nord USA San Antonio
61%
2 618 205 Amerique Centrale Salvador San Salvador
61%
1 507 017 Amerique du Nord USA Nouvelle-Orléans
60%
4 263 801 Caraïbes République Dominicaine Saint-Domingue
60%
2 457 286 Amerique du Nord USA Indianapolis
59%
2 227 083 Amerique du Nord USA Austin
58%
2 940 661 Amerique Centrale Honduras Tegucigalpa
58%
5 916 189 Amerique du Sud Brésil Belo Horizonte
57%
4 160 646 Amerique du Nord USA Orlando
57%
3 259 710 Amerique du Nord USA Portland OR
56%
5 228 659 Amerique du Nord Mexique Monterrey
55%
2 797 636 Amerique du Nord USA Charlotte
53%
1 543 283 Amerique du Nord Canada Calgary
51%
2 501 151 Amerique du Nord USA Kansas City
51%
2 249 657 Amerique Centrale Nicaragua Managua
50%
4 027 861 Amerique du Nord USA Minneapolis
50%
2 639 124 Amerique du Nord USA Sacramento
50%
4 022 967 Amerique du Sud Colombie Cali
49%
2 518 242 Amerique du Nord USA/Mexique El Paso - Ciudad Juarez
49%
1 688 701 Amerique du Nord USA Jacksonville
49%
2 631 239 Amerique du Sud Brésil Manaus
49%
2 062 547 Amerique du Nord USA Nashville
47%
4 054 866 Amerique du Sud Brésil Recife
47%
2 641 048 Amerique du Nord USA Salt Lake City
45%
3 586 918 Amerique du Nord USA Cleveland
43%
2 491 052 Amerique du Sud Brésil Belém
42%
2 047 966 Amerique du Nord USA Milwaukee
42%
3 194 831 Amerique du Nord USA Tampa - St. Petersburg
42%
4 317 508 Amerique du Sud Brésil Porto Alegre
41%
4 074 730 Amerique du Sud Brésil Fortaleza
40%
1 489 142 Amerique du Nord USA Louisville
40%
2 280 246 Amerique du Nord USA Cincinnati
35%
1 516 819 Amerique du Sud Argentine Córdoba
35%
2 603 259 Amerique du Nord USA Pittsburgh
35%
2 297 875 Amerique du Nord USA (Porto Rico) San Juan
35%
3 564 222 Amerique du Sud Equateur Guayaquil
33%
2 525 639 Amerique du Nord USA Columbus OH
30%
3 615 027 Amerique du Sud Brésil Curitiba
30%
2 450 127 Amerique du Sud Colombie Barranquilla
28%
2 079 687 Amerique du Nord USA Raleigh - Durham
26%
1 576 312 Amerique du Sud Colombie Carthagène des Indes (Cartagena de Indias)
24%
3 169 357 Amerique du Nord Mexique Puebla-Tlaxcala
23%
2 249 657 Amerique du Sud Bolivie Santa Cruz de la Sierra
23%
1 639 027 Amerique du Nord USA Buffalo - Saint Catharines - Niagara
22%
3 351 104 Amerique du Sud Venezuela Maracaïbo
22%
1 859 197 Amerique du Nord USA Virginia Beach - Norfolk
22%
3 899 533 Amerique du Sud Brésil Salvador de Bahia
21%
1 587 055 Amerique du Sud Brésil Natal
20%
1 942 677 Amerique du Nord Mexique León
18%
1 621 102 Amerique du Sud Brésil São Luis
17%
1 818 628 Amerique du Sud Venezuela Valence (Valencia)
15%
2 518 775 Amerique du Sud Brésil Goiânia
14%
2 497 586 Amerique Centrale Honduras San Pedro Sula (Valle de Sula)
13%
1 689 151 Amerique du Nord USA Greensboro - Winston-Salem
12%
2 408 412 Amerique du Nord Mexique Toluca
10%
1 951 673 Amerique du Sud Brésil Vitória
8%
2 815 896 Amerique du Nord USA Brownsville - McAllen - Matamoros - Reynosa
7%
1 711 144 Amerique du Sud Venezuela Maracay
7%
1 519 622 Amerique du Nord Mexique Querétaro
7%
Aucun quiz correspondant
Distribution des résultats
% des personnes avec chaque résultat
Percentile par nombre de réponses
Votre historique - résultats
Vous n’avez pas pris ce quiz